Planificación, inversión y control financiero
Guardat en:
| Autors principals: | , |
|---|---|
| Format: | Llibre |
| Idioma: | espanyol |
| Publicat: |
Bilbao
Deusto
1984
|
| Matèries: | |
| Etiquetes: |
Afegir etiqueta
Sense etiquetes, Sigues el primer a etiquetar aquest registre!
|
MARC
| LEADER | 00000nam a2200000 a 4500 | ||
|---|---|---|---|
| 001 | UCU7119 | ||
| 003 | CL-VaPUC | ||
| 008 | 960628e19840000SP |||||||||||||||||spa|d | ||
| 082 | 0 | 4 | |a 658.151 |b DIC |2 21 |
| 100 | 0 | |a Dickinson, G. M |e author |9 365657 | |
| 700 | 0 | |a Lewis, J. E |e author |9 365658 | |
| 245 | 1 | 0 | |a Planificación, inversión y control financiero |
| 300 | |a 329 p | ||
| 942 | |c BK | ||
| 945 | |d 19960628 00:00:00 |a cmena | ||
| 260 | |a Bilbao |b Deusto |c 1984 | ||
| 650 | 7 | |a FINANCIACION |2 CL-VaPUC |9 351156 | |
| 650 | 0 | |a Administración |9 259325 | |
| 650 | 7 | |a PLANIFICACION ECONOMICA |2 CL-VaPUC |9 321496 | |
| 650 | 0 | |a Operaciones administrativas |9 335045 | |
| 650 | 0 | |a Gestión |9 260993 | |
| 583 | |a last modification |c 19960628 00:00:00 |k Rodrigo Vera | ||
| 999 | |c 249814 |d 249812 | ||
| 952 | |0 0 |1 0 |4 0 |6 658_151000000000000_DIC_1984 |7 0 |8 A |9 267344 |a BIBING |b BIBING |d 2019-11-19 |i 1694790 |o 658.151 DIC 1984 |p 1694790 |r 2025-01-20 |w 2019-11-19 |y BK |k CCL | ||
| 952 | |0 0 |1 0 |4 0 |6 658_151000000000000_DIC_1984 |7 0 |8 A |9 267345 |a BIBGIM |b BIBGIM |d 2019-11-19 |i 1412116 |o 658.151 DIC 1984 |p 1412116 |r 2025-01-15 |w 2019-11-19 |y BK |k COM | ||